Loading...
| Literature - British | 0 | 3 | 0 | 0 | 30 | 42 | 62.33 | 0 | 1 | 16.67 | 20.36 |
| Science - Chemistry | 0 | 4 | 2 | 0 | 30 | 47 | 68.50 | 2 | 4 | 16.84 | 35.75 |
| Science - Other | 0 | 2 | 0 | 0 | 20 | 70 | 83.00 | 0 | 0 | 6.19 | 13.03 |
| Science - Biology | 0 | 3 | 2 | 0 | 20 | 29 | 50.33 | 2 | 3 | 17.71 | 26.75 |
| Literature - European | 0 | 1 | 0 | 0 | 10 | 23 | 23.00 | 1 | 1 | 8.40 | 10.00 |
| Philosophy | 0 | 1 | 0 | 0 | 10 | 101 | 101.00 | 0 | 0 | 1.44 | 5.00 |
| Religion | 0 | 1 | 0 | 1 | 10 | 142 | 142.00 | 0 | 0 | 0.00 | 1.11 |
| Fine Arts - Other | 0 | 1 | 0 | 0 | 10 | 65 | 65.00 | 0 | 0 | 5.15 | 6.00 |
| Fine Arts - Visual | 0 | 1 | 0 | 0 | 10 | 75 | 75.00 | 0 | 0 | 3.85 | 6.00 |
| History - European | 0 | 1 | 0 | 0 | 10 | 14 | 14.00 | 1 | 1 | 8.79 | 10.00 |
| Literature - American | 0 | 1 | 0 | 0 | 10 | 116 | 116.00 | 0 | 0 | 1.94 | 6.00 |
| Geography/Current Events | 0 | 0 | 1 | 0 | -5 | 0.00 | 0 | 0 | 0.00 | 0.00 | |
| Science - Physics | 0 | 0 | 1 | 0 | -5 | 0.00 | 0 | 0 | 0.00 | 0.00 | |
| Social Science | 0 | 0 | 2 | 0 | -10 | 0.00 | 0 | 0 | 0.00 | 0.00 |